Theoretical approaches to tax efficiency

Teoretické prístupy k efektívnosti zdaňovania. Cesty merania efektívnosti výberu daní.

Enregistré dans:
Détails bibliographiques
Auteur principal: Kočkovičová, Jana, 1989-
Format: Chapitre de livre
Langue:anglais
Sujets:
Tags: Ajouter un tag
Pas de tags, Soyez le premier à ajouter un tag!

MARC

LEADER 00000nla$a2200000$$$4500
001 0226521
005 20240502073728.0
041 0 |a eng 
044 |a SK 
245 1 0 |a Theoretical approaches to tax efficiency  |c Jana Kočkovičová 
520 |a Teoretické prístupy k efektívnosti zdaňovania. Cesty merania efektívnosti výberu daní. 
610 2 0 |a dane 
610 2 0 |a politika daňová 
610 2 0 |a efektívnosť 
610 2 0 |a meranie 
610 2 0 |a podvody daňové 
610 2 0 |a ekonomika tieňová 
100 1 |a Kočkovičová, Jana, 1989-